000 01051aam a2200313 i 4500
001 768714001
003 CO-MdFUSB
005 20220204153120.0
007 ta
008 220204t1972 -us |||| |||| 00| 0 eng d
020 _a085151166X
040 _bspa.
_aCO-MdFUSB
_cCO-MdFUSB
_dCO-MdFUSBC
_erda
041 _aeng
082 0 4 _a231.73
_223
_bW274c
100 1 _aWarfield, Benjamín Breckinridge (1851-1921)
_eautor
245 1 0 _aCounterfeit miracles
_c/ Benjamin B. Warfield
264 1 _aEstados Unidos : The Banner of Truth Trust
_bThe Banner of Truth Trust,
_c[1972]
264 4 _c© 1972
300 _a327 páginas
_c; 18 cm
336 _atexto
_btxt
_2rdacontent
337 _2rdamedia
_asin mediación
_bn
338 _2rdacarrier
_avolumen
_bnc
505 _aEl cese de los carismas. - Maravillas patrísticas y medievales. - Milagros católicos romanos. - Regalos de Irvingita. - Curación por la fe Mente-cura.
563 _aRústico
650 7 _aMilagros
_91077
942 _cBK
945 _aJTF-925
999 _c34176
_d34176